000
00251nam a2200085Ia 4500
245
0
_a
Feet of the chameleon : the story of African football
100
_a
Hawkey Ian London, 2009
_9
82899
942
_c
BK
008
210817s9999 xx 000 0 und d
999
_c
300812
_d
300811